000 00352pab a2200157 454500
008 180718b2009 xxu||||| |||| 00| 0 eng d
100 _aSaigol, Rubina
245 _aThe myth of media freedom
260 _c2009
300 _ap.6-21.
362 _aJan-Mar
650 _aMass media
773 _aSouth Asian Journal
908 _aN
909 _a81398
999 _c81398
_d81398